00328nam a2200121Ia 4500008004100000020002200041041000800063082002300071100002000094245004800114260003600162300000800198230519s9999 xx 000 0 und d a978-93-81390-07-8 aeng a610.7362/SR/DB0383 aSr Lissy Thomas aClinical Nursing Pediatric Procedure Manual bS Vikas and CoaJalandharc2013 a184